| 000 | 01015nam a2200253 i 4500 | ||
|---|---|---|---|
| 001 | 158352 | ||
| 003 | ES-MaACL | ||
| 005 | 20250905134412.0 | ||
| 008 | 960729s1880 sp |||| | spa d | ||
| 040 |
_aCYL _bspa _cCYL |
||
| 100 | 0 |
_aMacaulay, Thomas Babington Macaulay _cBaron. _975067 |
|
| 245 | 1 | 0 |
_aEstudios biográficos / _cpor Lord Macaulay ; traduccion directa del inglés por M. Juderías Bender. |
| 260 |
_aMadrid : _bLuis Navarro, _c1880 ( _fImprenta central á cargo de Víctor Saiz) |
||
| 300 |
_aXIII, 458 p. ; _c19 cm. |
||
| 490 | 1 |
_aBiblioteca clásica ; _v25 |
|
| 600 | 1 | 7 |
_aPitt, William, _cEarl of Chatham, _d1708-1778 _2 _9158541 |
| 600 | 1 | 4 |
_aMirabeau, Honoré-Gabriel de Riqueti _ccomte de. _981463 |
| 600 | 1 | 7 |
_aPitt, William, _d1759-1806 _2 _9162245 |
| 600 | 1 | 4 |
_aBarère de Vieuzac, Bertrand. _9141053 |
| 700 | 1 | 1 |
_aJuderías Bender, Mariano. _9128389 |
| 830 | 0 |
_aBiblioteca clásica ; _v25 _9180370 |
|
| 852 |
_aES-MaACL _jF-13137 _z-- Enc. tela |
||
| 999 |
_c158352 _d158352 |
||